| 000 | 00456nam a2200145 i 4500 | ||
|---|---|---|---|
| 001 | 61464 | ||
| 003 | ES-MaACL | ||
| 007 | t| | ||
| 008 | 031112s1919 xxu ||||1| eng d | ||
| 245 | 0 | 4 |
_aThe evolution of the carth and its inhabitants / _cby Joseph Barrel ... [et al.]. |
| 260 |
_aNew Haren, etc. : _bYale University Press, _c1919. |
||
| 300 |
_aXII, 208 p., 12 lám. : _bil. ; _c23 cm. |
||
| 700 | 1 |
_aBarrel, Joseph. _925903 |
|
| 852 |
_aES-MaACL _jG-4968 |
||
| 999 |
_c61464 _d61464 |
||